Visualizzazione normale
Vista MARC
- De Crescenzo Eduardo
di Personal Name
Records bibliografici associati: 1
001 - CONTROL NUMBER
- control field: 3473
003 - CONTROL NUMBER IDENTIFIER
- control field: IT-RoPau
005 - DATE AND TIME OF LATEST TRANSACTION
- control field: 20131125124212.0
008 - FIXED-LENGTH DATA ELEMENTS
- fixed length control field: 131125|| aca||aabn | a|a d
040 ## - CATALOGING SOURCE
- Original cataloging agency: IT-RoPau
- Transcribing agency: IT-RoPau
100 ## - HEADING--PERSONAL NAME
- Personal name: De Crescenzo Eduardo
- Miscellaneous information: Codice autore musica SPICS: 7995
- Relator term: Autore musica
- Name of part/section of a work: Luna rossa
670 ## - SOURCE DATA FOUND
- Source citation: Work cat.: (IT-RoPau)99909: AA.VV. 794, Claudio Villa (disco)